Обдувочные устройства паровых котлов на перегретой воде

التفاصيل البيبلوغرافية
المؤلف الرئيسي: Перельман И. Л. Илья Лазарович
اللغة:الروسية
منشور في: Москва, Госэнергоиздат, 1956
الموضوعات:
التنسيق: MixedMaterials كتاب
KOHA link:https://koha.lib.tpu.ru/cgi-bin/koha/opac-detail.pl?biblionumber=134228

MARC

LEADER 00000nam0a2200000 4500
001 134228
005 20231031135615.0
035 |a (RuTPU)RU\TPU\book\145484 
090 |a 134228 
100 |a 20080326d1956 m y0rusy50 ca 
101 0 |a rus 
102 |a RU 
105 |a a z 001zy 
200 1 |a Обдувочные устройства паровых котлов на перегретой воде  |f И. Л. Перельман 
210 |a Москва  |c Госэнергоиздат  |d 1956  |a Ленинград 
215 |a 96 с.  |c ил. 
320 |a Библиогр.: с. 94-95. 
610 1 |a обдувочные устройства 
610 1 |a паровые котлы 
610 1 |a промывка 
610 1 |a продувка 
675 |a 621.187  |v 3 
700 1 |a Перельман  |b И. Л.  |g Илья Лазарович 
801 1 |a RU  |b 63413507  |c 20080326  |g PSBO 
801 2 |a RU  |b 63413507  |c 20090506  |g PSBO 
942 |c BK